| 000 | 00447nam a2200181Ia 4500 | ||
|---|---|---|---|
| 005 | 20240823060304.0 | ||
| 008 | 240823s9999||||xx |||||||||||||| ||und|| | ||
| 041 | _aENGLISH | ||
| 082 | _A658.5 N9 | ||
| 100 | _aManian S S and P Rajagopal | ||
| 245 | 0 | _aModern Production Processes | |
| 250 | _a3rd | ||
| 260 |
_c1999 _bBalachitra Publi |
||
| 500 | _aTRANSFERED | ||
| 650 |
_aProduction Process _bMechanical |
||
| 942 | _cBK | ||
| 999 |
_c230777 _d230777 |
||